00657cam a2200181 a 4500020001500000040000800015082002600023100002400049245003200073260003700105300003300142650001300175856006200188856005400250942000700304999001700311952014700328 a0070584354 cDLC a660 HIL 1993 A107 Or.1 aSmallwood, Ian McN.10aSolvent recovery handbook / aNew York :bMcGraw-Hill,cc1993. aix, 387 p. :bill. ;c25 cm. 0aSolvents42uhttp://www.loc.gov/catdir/description/mh022/93002110.html41uhttp://www.loc.gov/catdir/toc/mh021/93002110.html cEK c16888d16888 0010406660_000000000000000_HIL_1993_A107_OR70972520aLBAbLBAcA107d2018-06-27o660 HIL 1993 A107 Or.pA16985r2018-06-27w2018-06-27yEK